| 000 | 01338nac a22003131u 4500 | ||
|---|---|---|---|
| 003 | EG-ScBUE | ||
| 005 | 20211122132755.0 | ||
| 008 | 121105s1990 ua f b 000 0bara d | ||
| 017 | _a1990 / 8297 | ||
| 020 | _a95550977 | ||
| 040 |
_aEG-ScBUE _bara _erda _cEG-ScBUE _dEG-ScBUE |
||
| 082 | 0 | 4 |
_a892.78509 _bح د ي _222 |
| 100 | 1 |
_aالحديدي، علي، _eمؤلف. _917449 |
|
| 245 | 1 | 0 |
_aمحمود سامي البارودي : _bشاعر النهضة / _cدكتور علي الحديدي، أستاذ الأدب العربي الحديث، جامعة عين شمس. |
| 250 | _aالطبعة الثانية. | ||
| 264 | 1 |
_aالقاهرة : _bمكتبة الأنجلة المصرية، _c1990. |
|
| 300 |
_a455 صفحة : _bإيضاحيات ؛ _c24 سم |
||
| 336 |
_2rdacontent _aنص _btxt |
||
| 337 |
_2rdamedia _aبدون وسيط _bn |
||
| 338 |
_2rdacarrier _aمجلد _bnc |
||
| 504 | _aيشتمل على إرجاعات ببليوجرافية. | ||
| 600 | 1 | 7 |
_aالبارودي، محمود سامي، _d1838-1904. _2BUEsh _931254 |
| 650 | 7 |
_aالشعراء العرب _zمصر _vتراجم. _2BUEsh _916560 |
|
| 650 | 7 |
_aالشعر العربي _zمصر _xدواوين وقصائد. _2BUEsh _931255 |
|
| 651 | _2BUEsh | ||
| 653 |
_bARALIT _cNovember2021 |
||
| 655 |
_vReading book _934232 |
||
| 942 |
_cBB _k892.78509 ح د ي _2ddc |
||
| 999 |
_c5891 _d5891 |
||